Chat GPT top 15 séries TV depuis 2000 - Statistiques

Statistiques générales
  • Ce quiz a été pris 54 fois
  • Le résultat moyen est 5 sur 15
Statistiques - réponses
Hint Réponse % Correct
5. 2016 - ? série Netflix emblématique, pop culture années 80 Stranger Things
79%
9. 1994-2004 phénomène intergénérationnel Friends
75%
1. 2011-2019 phénomène planétaire, fantasy mainstream Game of Thrones
75%
2. 2008-2013 culte critique, symbole du "peak TV". Breaking Bad
67%
8. 2005-2013 sitcom culte, influence énorme sur la comédie. The Office
42%
15. 2017-2020 première grande série allemande Netflix, succès global Dark
40%
14. 2023 - ? adaptation jeu vidéo acclamée The last of us
40%
10. 2010-2017 BBC modernisant S******* H*****, succès international Sherlock
29%
11. 2004-2010 pionnier du binge-watch et du mystère en série Lost
27%
4. 2002-2008 chef-d’œuvre réaliste, influence énorme The Wire
17%
12. 2013-2018 la première grande série Netflix House of Cards
15%
3. 1999-2007 révolution narrative, fondation de la série moderne The Sopranos
15%
7. 2019 mini-série marquante, acclamée Chernobyl
13%
13. 2018-2023 carton critique, héritage HBO Succession
4%
6. 2016-2023 prestige et récompenses, succès mondial The Crown
0%
Aucun quiz correspondant
Distribution des résultats
% des personnes avec chaque résultat
Percentile par nombre de réponses
Votre historique - résultats
Vous n’avez pas pris ce quiz